[Event "Rayo"]
[Site "SchemingMind.com"]
[Date "2015.12.09"]
[Round "-"]
[White "Transcendent"]
[Black "fu_manchu"]
[Result "0-1"]
[WhiteCountry "ENG"]
[BlackCountry "CAN"]
[WhiteElo "1668"]
[WhiteRD "58"]
[BlackElo "1864"]
[BlackRD "75"]
[GameID "391776"]

1. d4 Nf6 2. c4 e6 3. g3 d5 4. Nf3 c5 5. cxd5 Nxd5 6. Bg2 Nc6 7. O-O Be7 8. Nc3 Nxc3 9. bxc3 O-O 10. Be3 cxd4
11. cxd4 Nb4 12. Ne5 Nd5 13. Qd2 Nxe3 14. Qxe3 Bg5 15. Qb3 Rb8 16. h4 Bf6 17. Nc6 bxc6 18. Qa3 Bxd4 19. Bxc6 Bxa1
0-1

[Event "Rayo"]
[Site "SchemingMind.com"]
[Date "2015.12.09"]
[Round "-"]
[White "fu_manchu"]
[Black "Transcendent"]
[Result "1-0"]
[WhiteCountry "CAN"]
[BlackCountry "ENG"]
[WhiteElo "1843"]
[WhiteRD "76"]
[BlackElo "1656"]
[BlackRD "56"]
[GameID "391777"]

1. e4 c6 2. d4 d5 3. Nc3 dxe4 4. Nxe4 Bf5 5. Ng3 Bg6 6. Nf3 Nd7 7. c4 e6 8. a3 Ngf6 9. Nh4 Be7 10. Nxg6 hxg6
11. Bd3 Qc7 12. O-O O-O-O 13. Bg5 Nb6 14. Be2 Ne4 15. Bxe7 Nxg3 16. Bxd8 Nxe2+ 17. Qxe2 Qxd8 18. Rad1 Qh4 19. h3 Qf6 20. b4 Qg5
21. Qg4 Qxg4 22. hxg4 Nxc4 23. Rd3 Rd8 24. f4 Nb6 25. Kf2 Nd5 26. g3 Nf6 27. g5 Ne4+ 28. Kf3 Nd6 29. Rc1 Nf5 30. d5 exd5
31. b5 Kc7 32. g4 Nd6 33. Rxd5
1-0

[Event "Rayo"]
[Site "SchemingMind.com"]
[Date "2015.12.23"]
[Round "-"]
[White "Kid A"]
[Black "fouche"]
[Result "0-1"]
[WhiteCountry "FIN"]
[BlackCountry "COL"]
[WhiteElo "1810"]
[WhiteRD "78"]
[BlackElo "1639"]
[BlackRD "64"]
[GameID "392422"]

1. e4 e6 2. d4 d5 3. e5 c5 4. c3 Nc6 5. Nf3 cxd4 6. cxd4 Bb4+ 7. Nc3 Nge7 8. Bd3 Bd7 9. O-O Ng6 10. Bg5 Be7
11. Bxe7 Qxe7 12. Nb5 O-O 13. Nd6 Rab8 14. Rc1 f6 15. a3 fxe5 16. dxe5 Ngxe5 17. Nxe5 Qxd6 18. Qh5 h6 19. Ng4 e5 20. f3 Bxg4
21. Qxg4 Rbe8 22. Rcd1 Rf4 23. Qg3 Ref8 24. Bc4 Qc5+
0-1

[Event "Rayo"]
[Site "SchemingMind.com"]
[Date "2015.12.24"]
[Round "-"]
[White "fouche"]
[Black "Kid A"]
[Result "0-1"]
[WhiteCountry "COL"]
[BlackCountry "FIN"]
[WhiteElo "1608"]
[WhiteRD "64"]
[BlackElo "1865"]
[BlackRD "77"]
[GameID "392423"]

1. d4 d5 2. Nf3 Nf6 3. e3 Bg4 4. Bd3 e6 5. O-O c5 6. c3 Bd6 7. Nbd2 O-O 8. Re1 Nc6 9. Bc2 Qc7 10. h3 Bh5
11. Bb1 cxd4 12. exd4 Rae8 13. Re3 Bf4 14. Rd3 Bg6 15. Qe1 Bxd3 16. Bxd3 e5 17. dxe5 Nxe5 18. Nxe5 Bxe5 19. Nf3 Bh2+
0-1

[Event "Rayo"]
[Site "SchemingMind.com"]
[Date "2015.12.28"]
[Round "-"]
[White "berns"]
[Black "Scooter"]
[Result "0-1"]
[WhiteCountry "ENG"]
[BlackCountry "USA"]
[WhiteElo "1594"]
[WhiteRD "79"]
[BlackElo "1696"]
[BlackRD "46"]
[GameID "392745"]

1. d4 Nf6 2. c4 g6 3. Nc3 Bg7 4. e4 d6 5. Nf3 Bg4 6. Be2 O-O 7. Be3 Nbd7 8. d5 Nc5 9. Bxc5 dxc5 10. h3 Bxf3
11. Bxf3 a6 12. O-O Nd7 13. Rb1 b6 14. Rc1 Ne5 15. b3 Nxf3+ 16. Qxf3 Rc8 17. a4 c6 18. Rfe1 cxd5 19. exd5 Bxc3 20. Rxc3 Qd7
21. Rce3 Rfe8 22. Qg4 Qxg4 23. hxg4 Kf8 24. g5 Rcd8 25. f4 b5 26. axb5 axb5 27. g4 bxc4 28. bxc4 Rb8 29. f5 Rb4 30. Rc1 Reb8
31. Kf2 Rb2+ 32. Kf3 Rh2 33. Kg3 Rbb2 34. f6 exf6 35. gxf6 Rhg2+ 36. Kf3 Rbf2+ 37. Ke4 Rxf6 38. g5 Rxg5 39. Ra1 Rg4+ 40. Kd3 Rd4+
41. Kc3 Rff4 42. Ra4 Kg7 43. Rg3 Rxd5 44. cxd5 Rxa4 45. Rd3 Ra3+ 46. Kc4 Rxd3 47. Kxd3 Kf6 48. Kc4 Ke7 49. Kxc5 Kd7 50. Kd4 Kd6
51. Ke4 f5+ 52. Kf4 Kxd5 53. Kg5 Ke4 54. Kh4 f4 55. Kh3 Ke3 56. Kg2 Ke2 57. Kg1 f3 58. Kh2 f2 59. Kh1 f1=Q+ 60. Kh2 Qf4+
61. Kg2 Qf3+ 62. Kg1 g5 63. Kh2 Qg4
0-1

[Event "Rayo"]
[Site "SchemingMind.com"]
[Date "2015.12.28"]
[Round "-"]
[White "Scooter"]
[Black "berns"]
[Result "1-0"]
[WhiteCountry "USA"]
[BlackCountry "ENG"]
[WhiteElo "1696"]
[WhiteRD "46"]
[BlackElo "1594"]
[BlackRD "79"]
[GameID "392746"]

1. d4 Nf6 2. Nf3 g6 3. Bf4 Bg7 4. e3 O-O 5. Be2 d6 6. O-O Nc6 7. c3 Bg4 8. Nbd2 Qd7 9. h3 Bxh3 10. gxh3 Qxh3
11. Ng5 Qd7 12. Bb5 Bh6 13. Bxc6 Qxc6 14. Qf3 d5 15. Ne6 Qxe6 16. Bxh6 Rfd8 17. Rfe1 Qg4+ 18. Qxg4 Nxg4 19. Bf4 c6 20. f3 Nf6
21. Bh6 Nh5 22. e4 e6 23. exd5 cxd5 24. Re2 Rd6 25. Rh2 f5 26. Kf2 b5 27. Rg1 Kf7 28. f4 a5 29. Nf3 b4 30. Ng5+ Kg8
31. Rxh5 bxc3 32. Nf3 cxb2 33. Nd2 Rc6 34. Rh3 a4 35. Nb1 Rac8 36. Rd3 Rc2+ 37. Ke3 Rc1 38. Rdd1 R1c2 39. Bg5 Kf7 40. Kd3 Rh2
41. Rh1 Rxh1 42. Rxh1 Rc1 43. Rxh7+ Kg8 44. Rb7 Rxb1 45. Kc2 Rc1+ 46. Kxb2 Rc4 47. Bf6 Rc8 48. Ka3 Rc2 49. Rb2 Rc4 50. Rb4 Rc3+
51. Kxa4 Rf3 52. Be5 Kf7 53. Kb5 Ra3 54. Rb2 Ke8 55. Kb4 Ra7 56. a4 Kd7 57. Rc2 Rb7+ 58. Kc5 Ra7 59. Kb5 Rb7+ 60. Ka6 Rb4
61. a5 Rc4 62. Rg2 Rc8 63. Rxg6 Rc6+ 64. Kb7 Rc2 65. Rg7+ Ke8 66. a6 Rb2+ 67. Kc8
1-0

[Event "Rayo"]
[Site "SchemingMind.com"]
[Date "2015.12.30"]
[Round "-"]
[White "John Hamer"]
[Black "JAHI"]
[Result "1-0"]
[WhiteCountry "ENG"]
[BlackCountry "INT"]
[WhiteElo "2066"]
[WhiteRD "65"]
[BlackElo "2075"]
[BlackRD "54"]
[GameID "392820"]

1. d4 e6 2. Nf3 Qe7 3. Nc3 h6 4. e4 a6 5. Bd3 g6 6. O-O d6 7. Be3 Nd7 8. Re1 h5 9. Bg5 f6 10. Be3 Bh6
11. e5 f5 12. Nd5 exd5 13. exd6 cxd6 14. Bxh6 Rxh6 15. Rxe7+ Nxe7 16. Qd2 Rh8 17. Qf4 Nf6 18. Qxd6 Ne4 19. Qe5 Rf8 20. Re1 Bd7
21. c4 Bc6 22. cxd5 Bxd5 23. Nh4 Rg8 24. f3 Kd7 25. fxe4 Bf7 26. exf5 Nc6 27. Qc5 Bxa2 28. Nxg6 Rgc8 29. d5 Bxd5 30. Qxd5+ Kc7
31. Ne5 Rd8 32. Qf7+ Kb6 33. Qb3+ Kc7 34. f6 a5 35. Nf7 Re8 36. Be4 h4 37. Qf3 Re6 38. Qf4+ Kb6 39. Ng5 Re5 40. f7 h3
41. Rc1 Rxe4 42. Qxe4 Rf8 43. Qe3+ Ka6 44. Ne6 Rxf7 45. Nc5+ Ka7 46. Nd7+ Ka8 47. Rxc6 Rf1+ 48. Kxf1 hxg2+ 49. Kxg2 bxc6 50. Qb6 a4
51. Qb8#
1-0

[Event "Rayo"]
[Site "SchemingMind.com"]
[Date "2015.12.31"]
[Round "-"]
[White "JAHI"]
[Black "John Hamer"]
[Result "0-1"]
[WhiteCountry "INT"]
[BlackCountry "ENG"]
[WhiteElo "2075"]
[WhiteRD "54"]
[BlackElo "2066"]
[BlackRD "65"]
[GameID "392821"]

1. e3 Nf6 2. Qe2 e5 3. a3 d5 4. Qb5+ c6 5. Qe2 Bd6 6. h3 O-O 7. c3 Nbd7 8. d3 Re8 9. Qc2 Nb6 10. Nd2 Be6
11. Ne2 Rc8 12. b3 c5 13. a4 d4 14. e4 dxc3 15. Nxc3 a6 16. Ba3 Nbd7 17. Rc1 Nb8 18. Be2 Nc6 19. Nc4 Nd4 20. Qb1 b5
21. Nxd6 Qxd6 22. axb5 Nxb3 23. b6 Nxc1 24. Bxc1 Rb8 25. Be3 Rxb6 26. Qc1 Reb8 27. f3 Nh5 28. Kf2 Rb2 29. Re1 Nf4 30. Bxf4 exf4
31. Kf1 R8b4 32. d4 cxd4 33. Nd5 Bxd5 34. exd5 g6 35. Bd3 Qxd5 36. Qxf4 a5 37. Kg1 a4 38. Re8+ Kg7 39. Qc7 Qg5 40. Be2 Rb1+
41. Kf2 a3 42. Qd6 Qe3+ 43. Rxe3 dxe3+ 44. Kg3 a2 45. Qe5+ Kh6 46. Qxe3+ g5 47. Bd3 a1=Q 48. Bxb1 Qxb1 49. Qc5 Qe1+ 50. Kh2 Kg6
51. Qd5 Qe7 52. Qd3+ Kh6 53. f4 Rxf4 54. Kg1 Qe1+ 55. Kh2 Rf1 56. Qa6+ f6 57. Qxf1 Qxf1 58. g3 f5 59. h4 Kg6 60. hxg5 Kxg5
61. g4 fxg4 62. Kg3 Qg1#
0-1

[Event "Rayo"]
[Site "SchemingMind.com"]
[Date "2016.01.07"]
[Round "-"]
[White "spoke"]
[Black "DANDYLIONHONEYBADGER"]
[Result "1-0"]
[WhiteCountry "GER"]
[BlackCountry "USA"]
[WhiteElo "1759"]
[WhiteRD "65"]
[BlackElo "1335"]
[BlackRD "77"]
[GameID "392936"]

1. e4 Nc6 2. d4 e6 3. Nf3 Qe7 4. Be2 g6 5. O-O Bg7 6. Re1 d5 7. exd5 exd5 8. Bc4 Be6 9. Bxd5 Nd8 10. Bb3 h6
11. d5 Bg4 12. Rxe7+ Kxe7 13. Nc3 b6 14. h3 Bf5 15. Bf4 Nb7 16. Bxc7 Rc8 17. d6+ Kf8 18. Qd5 Na5 19. Qxf7#
1-0

[Event "Rayo"]
[Site "SchemingMind.com"]
[Date "2016.01.07"]
[Round "-"]
[White "DANDYLIONHONEYBADGER"]
[Black "spoke"]
[Result "0-1"]
[WhiteCountry "USA"]
[BlackCountry "GER"]
[WhiteElo "1289"]
[WhiteRD "73"]
[BlackElo "1764"]
[BlackRD "65"]
[GameID "392937"]

1. Nc3 g6 2. d3 Bg7 3. e4 Nc6 4. Be3 e6 5. g3 Nge7 6. Nge2 O-O 7. Bg2 d5 8. Bc5 b6 9. Bxe7 Qxe7 10. Qd2 d4
11. Na4 Bb7 12. c3 e5 13. f4 b5 14. cxd4 exd4 15. Nac3 dxc3 16. bxc3 Rad8 17. Rb1 a6 18. d4 Na5 19. d5 c6 20. O-O Nc4
21. Qd3 cxd5 22. exd5 Ne3 23. Rf3 Nxg2 24. Rf2 Ne3 25. c4 bxc4 26. Qd2 Rxd5 27. Nd4 Rxd4 28. Qxe3 Qxe3 29. Rf1 Rd2
0-1

[Event "Rayo"]
[Site "SchemingMind.com"]
[Date "2016.01.03"]
[Round "-"]
[White "Robert Bruce"]
[Black "kenneth m day"]
[Result "1-0"]
[WhiteCountry "SCO"]
[BlackCountry "USA"]
[WhiteElo "2221"]
[WhiteRD "63"]
[BlackElo "1702"]
[BlackRD "51"]
[GameID "392999"]

1. c4 c5 2. g3 Nc6 3. Bg2 Nf6 4. Nc3 d6 5. Nf3 g6 6. d4 cxd4 7. Nxd4 Bd7 8. O-O Bg7 9. Nc2 O-O 10. b3 Rc8
11. Bb2 e6 12. Qxd6 Ne8 13. Qd2 Qc7 14. Ba3 Rd8 15. Nb5 Qb6 16. Rad1 a6 17. Bxf8 Bxf8 18. Nbd4 Bg7 19. Nxc6 bxc6 20. Nb4 Bf6
21. Nd3 Nd6 22. c5 Qc7 23. cxd6 Qxd6 24. Qa5 Bc8 25. Nc5 Qe7 26. Bxc6
1-0

[Event "Rayo"]
[Site "SchemingMind.com"]
[Date "2016.01.03"]
[Round "-"]
[White "kenneth m day"]
[Black "Robert Bruce"]
[Result "0-1"]
[WhiteCountry "USA"]
[BlackCountry "SCO"]
[WhiteElo "1701"]
[WhiteRD "52"]
[BlackElo "2248"]
[BlackRD "61"]
[GameID "393000"]

1. e4 Nf6 2. e5 Nd5 3. c4 Nb6 4. Nc3 d6 5. Nf3 Bg4 6. exd6 exd6 7. d4 Nc6 8. Be2 Be7 9. O-O O-O 10. h3 Bxf3
11. Bxf3 Bf6 12. Be3 Nxc4 13. Bxc6 bxc6 14. Qc2 Re8 15. Rfe1 d5 16. Rad1 Rb8 17. b3 Nxe3 18. Rxe3 Rxe3 19. fxe3 Qd6 20. e4 dxe4
21. Nxe4 Bxd4+ 22. Kh1 Qd5 23. Re1 Rd8 24. Qd3 h6 25. Qf3 Be5 26. Qf5 f6 27. Qf3 Qa5 28. Qe2 Rd5 29. Kg1 Bd4+ 30. Kh1 Re5
31. Rd1 Qd5 32. Nxf6+ gxf6 33. Qg4+ Rg5 34. Rxd4 Rxg4 35. Rxd5 cxd5 36. hxg4 Kf7 37. Kg1 c5 38. Kf2 Kg6 39. Kf3 Kg5 40. g3 c4
0-1

[Event "Rayo"]
[Site "SchemingMind.com"]
[Date "2016.01.04"]
[Round "-"]
[White "Simon Green"]
[Black "emvarela"]
[Result "1-0"]
[WhiteCountry "ENG"]
[BlackCountry "ARG"]
[WhiteElo "1617"]
[WhiteRD "56"]
[BlackElo "1658"]
[BlackRD "48"]
[GameID "393091"]

1. d4 Nf6 2. e3 d5 3. Bd3 e6 4. f4 c5 5. c3 c4 6. Bc2 Nc6 7. Nf3 Be7 8. O-O h6 9. Nbd2 Ng4 10. Qe1 f5
11. Ne5 Ngxe5 12. fxe5 O-O 13. Nf3 b5 14. Bd2 a5 15. a3 Bd7 16. Qg3 b4 17. e4 Kh7 18. axb4 axb4 19. exf5 exf5 20. Rxa8 Qxa8
21. Nh4 Bxh4 22. Qxh4 b3 23. Bb1 Qd8 24. Qxd8 Nxd8 25. g4 g6 26. Kg2 Ne6 27. gxf5 gxf5 28. Bxf5+ Kg7 29. Kg3 Nc5 30. Kg4 h5+
31. Kxh5 Rxf5+ 32. Rxf5 Bxf5 33. dxc5 Bd7 34. Kg5 Kf7 35. Be3 Bh3 36. Bd4 Ke6 37. c6 Ke7 38. Bc5+ Kd8 39. Kf6 Kc7 40. e6 Kxc6
41. e7 Bd7 42. Bd4 Kd6 43. Kf7 Be6+ 44. Kf8 Bd7 45. h4
1-0

[Event "Rayo"]
[Site "SchemingMind.com"]
[Date "2016.01.04"]
[Round "-"]
[White "emvarela"]
[Black "Simon Green"]
[Result "0-1"]
[WhiteCountry "ARG"]
[BlackCountry "ENG"]
[WhiteElo "1658"]
[WhiteRD "48"]
[BlackElo "1617"]
[BlackRD "56"]
[GameID "393092"]

1. e4 e6 2. d4 d5 3. Nc3 Nf6 4. Bg5 Be7 5. e5 Nfd7 6. Bxe7 Qxe7 7. f4 O-O 8. Nf3 c5 9. Bb5 Nc6 10. Bxc6 bxc6
11. dxc5 Qxc5 12. Qd4 Qxd4 13. Nxd4 Bb7 14. O-O-O a6 15. Nb3 c5 16. Rhe1 a5 17. g3 a4 18. Nd2 Bc6 19. Ncb1 Rfb8 20. Re3 Nb6
21. Na3 d4 22. Rd3 Nd5 23. c4 Nb4 24. Nf3 Nxd3+ 25. Rxd3 Be4 26. Ne1 Bxd3 27. Nxd3 Rc8 28. Nb5 f5 29. Nd6 Rc7 30. Nb5 Rc6
31. Kc2 Kf7 32. Nd6+ Ke7 33. h4 Rxd6 34. exd6+ Kxd6 35. a3 Rb8 36. Ne5 Rb3 37. Nd3 g6 38. Kd2 Rb7 39. Kc2 Rb3 40. Kd2 Ke7
41. Nxc5 Rxb2+ 42. Kd3 Ra2 43. Kxd4 Rxa3 44. Nd3 Kd6 45. c5+ Kc7 46. Nb4 Rxg3 47. Ke5 Re3+
0-1

[Event "Rayo"]
[Site "SchemingMind.com"]
[Date "2016.01.03"]
[Round "-"]
[White "Trevor Brotherton"]
[Black "Queen "]
[Result "1/2-1/2"]
[WhiteCountry "ENG"]
[BlackCountry "IND"]
[WhiteElo "2397"]
[WhiteRD "106"]
[BlackElo "2371"]
[BlackRD "90"]
[GameID "393109"]

1. g3 e5 2. Bg2 d5 3. d3 Nf6 4. Nf3 Nc6 5. O-O Be7 6. c4 O-O 7. cxd5 Nxd5 8. Nc3 Be6 9. a3 Qd7 10. Bd2 Rad8
11. Rc1 h6 12. Qc2 a6 13. b4 Rfe8 14. Rfd1 Nf6 15. Ne4 Bh3 16. Bc3 Bxg2 17. Kxg2 Qe6 18. Bb2 Nxe4 19. dxe4 h5 20. h3 g6
21. Rb1 Kg7 22. Rxd8 Rxd8 23. Bc1 Rd6 24. Be3 Rd8 25. Rc1 f6=
1/2-1/2

[Event "Rayo"]
[Site "SchemingMind.com"]
[Date "2016.01.03"]
[Round "-"]
[White "Queen "]
[Black "Trevor Brotherton"]
[Result "1/2-1/2"]
[WhiteCountry "IND"]
[BlackCountry "ENG"]
[WhiteElo "2371"]
[WhiteRD "90"]
[BlackElo "2397"]
[BlackRD "106"]
[GameID "393110"]

1. d4 d6 2. e4 g6 3. Nc3 Bg7 4. f4 Nf6 5. Nf3 O-O 6. Bd3 Na6 7. O-O c5 8. d5 Rb8 9. a3 Nc7 10. a4 b6
11. Bc4 a6 12. e5 Nh5 13. Qe2 Qd7 14. Ra3 b5 15. Rb3 Qf5 16. axb5 axb5 17. Nxb5 Nxb5 18. Nh4 Qg4 19. Qxg4 Bxg4 20. Rxb5 Rxb5
21. Bxb5 Rb8 22. Bc4 dxe5 23. fxe5 Bxe5 24. d6 e6 25. h3 Bd4+ 26. Kh2=
1/2-1/2

[Event "Rayo"]
[Site "SchemingMind.com"]
[Date "2016.03.14"]
[Round "-"]
[White "Scooter"]
[Black "Robert Bruce"]
[Result "0-1"]
[WhiteCountry "USA"]
[BlackCountry "SCO"]
[WhiteElo "1712"]
[WhiteRD "48"]
[BlackElo "2248"]
[BlackRD "61"]
[GameID "396905"]

1. d4 Nf6 2. Nf3 c5 3. e3 g6 4. Be2 Bg7 5. O-O O-O 6. c3 d6 7. Nbd2 cxd4 8. cxd4 Bf5 9. Nh4 Bd7 10. Nhf3 Nc6
11. a3 e5 12. dxe5 dxe5 13. e4 Qe7 14. b4 Rac8 15. Bb2 Rfd8 16. b5 Nd4 17. Nxd4 exd4 18. Bxd4 Be6 19. a4 Rxd4 20. Qe1 Nxe4
0-1

[Event "Rayo"]
[Site "SchemingMind.com"]
[Date "2016.03.14"]
[Round "-"]
[White "Robert Bruce"]
[Black "Scooter"]
[Result "1-0"]
[WhiteCountry "SCO"]
[BlackCountry "USA"]
[WhiteElo "2248"]
[WhiteRD "61"]
[BlackElo "1712"]
[BlackRD "48"]
[GameID "396906"]

1. d4 Nf6 2. Nf3 g6 3. g3 Bg7 4. Bg2 O-O 5. O-O c6 6. a4 d5 7. a5 Bg4 8. Be3 Bxf3 9. Bxf3 Nbd7 10. c4 dxc4
11. Nc3 e6 12. b3 cxb3 13. Qxb3 Qc8 14. Rfc1 Qd8 15. Qxb7 Nd5 16. Nxd5 cxd5 17. Rc7 Nf6 18. a6 Ne8 19. Rd7 Qc8 20. Rc1 Qxb7
21. axb7 Rb8 22. Bf4
1-0

[Event "Rayo"]
[Site "SchemingMind.com"]
[Date "2016.03.29"]
[Round "-"]
[White "John Hamer"]
[Black "fouche"]
[Result "1-0"]
[WhiteCountry "ENG"]
[BlackCountry "COL"]
[WhiteElo "2037"]
[WhiteRD "70"]
[BlackElo "1605"]
[BlackRD "62"]
[GameID "397395"]

1. d4 e6 2. Nf3 d5 3. c4 c6 4. Nc3 Nf6 5. e3 Nbd7 6. Qc2 Be7 7. b3 O-O 8. Bd3 a6 9. O-O Rb8 10. c5 b6
11. cxb6 Nxb6 12. e4 dxe4 13. Nxe4 Bb7 14. Nxf6+ Bxf6 15. Bxh7+ Kh8 16. Bf4 Nd5 17. Bxb8 Qxb8 18. Be4 Qf4 19. g3 Qg4 20. Rfe1 Nf4
21. Qc5 Nh3+ 22. Kh1 Nxf2+ 23. Kg2 Nxe4 24. Qxf8+ Kh7 25. Qb8 c5 26. Qxb7 cxd4 27. Rxe4
1-0

[Event "Rayo"]
[Site "SchemingMind.com"]
[Date "2016.03.30"]
[Round "-"]
[White "fouche"]
[Black "John Hamer"]
[Result "0-1"]
[WhiteCountry "COL"]
[BlackCountry "ENG"]
[WhiteElo "1605"]
[WhiteRD "62"]
[BlackElo "2037"]
[BlackRD "70"]
[GameID "397396"]

1. d4 Nf6 2. Nf3 e6 3. e3 d5 4. Bd3 c5 5. c3 Be7 6. O-O O-O 7. Re1 c4 8. Bc2 Nc6 9. Nbd2 Qa5 10. e4 Rd8
11. e5 Nd7 12. Nf1 h6 13. h3 b5 14. Ne3 b4 15. Nh2 bxc3 16. bxc3 Qxc3 17. f4 Qxa1 18. f5 Nxd4 19. Qh5 Qc3 20. Nf3 Nxe5
21. Nxe5 Qxe1+ 22. Kh2 Bd6 23. Qxf7+ Kh8 24. fxe6 Bxe5+
0-1

[Event "Rayo"]
[Site "SchemingMind.com"]
[Date "2016.04.22"]
[Round "-"]
[White "spoke"]
[Black "Trevor Brotherton"]
[Result "0-1"]
[WhiteCountry "GER"]
[BlackCountry "ENG"]
[WhiteElo "1723"]
[WhiteRD "68"]
[BlackElo "2469"]
[BlackRD "100"]
[GameID "398358"]

1. e4 d6 2. d4 Nf6 3. Nc3 g6 4. Nf3 Bg7 5. Be2 O-O 6. O-O c6 7. Bg5 Qc7 8. Re1 Nbd7 9. Qd2 e5 10. dxe5 dxe5
11. Bh6 b5 12. a3 Re8 13. Rad1 Nc5 14. h3 Nfxe4 15. Nxe4 Nxe4 16. Qe3 Nf6 17. Bxg7 Kxg7 18. Ng5 e4 19. Qc5 Re5
0-1

[Event "Rayo"]
[Site "SchemingMind.com"]
[Date "2016.04.22"]
[Round "-"]
[White "Trevor Brotherton"]
[Black "spoke"]
[Result "1-0"]
[WhiteCountry "ENG"]
[BlackCountry "GER"]
[WhiteElo "2469"]
[WhiteRD "100"]
[BlackElo "1723"]
[BlackRD "68"]
[GameID "398359"]

1. g3 d5 2. Bg2 Nf6 3. d3 e5 4. Nf3 Nc6 5. O-O Be7 6. c4 d4 7. b4 Bg4 8. b5 Bxf3 9. exf3 Na5 10. Bd2 b6
11. f4 Rb8 12. fxe5 Nd7 13. Qg4 Nxe5 14. Qxg7 Bf6 15. Qh6 Qd6 16. Bf4 Ke7 17. Nd2 Rbg8 18. Rae1
1-0

[Event "Rayo"]
[Site "SchemingMind.com"]
[Date "2016.04.26"]
[Round "-"]
[White "fu_manchu"]
[Black "Simon Green"]
[Result "1-0"]
[WhiteCountry "CAN"]
[BlackCountry "ENG"]
[WhiteElo "1805"]
[WhiteRD "72"]
[BlackElo "1613"]
[BlackRD "61"]
[GameID "398515"]

1. e4 e6 2. d4 d5 3. Nd2 Nf6 4. e5 Nfd7 5. Bd3 c5 6. c3 c4 7. Bc2 Be7 8. Qg4 O-O 9. Ndf3 f5 10. exf6 Nxf6
11. Qf4 Qe8 12. Qd2 Nc6 13. Ne2 Bd6 14. O-O Bd7 15. Re1 h6 16. Ng3 Bxg3 17. fxg3 Ne7 18. b3 b5 19. bxc4 bxc4 20. Ba3 Rf7
21. Ne5 Rf8 22. Bxe7 Qxe7 23. Ng6 Qf7 24. Nxf8 Rxf8 25. Rab1 a6 26. Rb7 Qh5 27. Re5 Qe8 28. Bf5 Qc8 29. Rxd7 Nxd7 30. Bxe6+ Kh8
31. Rxd5 Rd8 32. Rc5
1-0

[Event "Rayo"]
[Site "SchemingMind.com"]
[Date "2016.04.26"]
[Round "-"]
[White "Simon Green"]
[Black "fu_manchu"]
[Result "0-1"]
[WhiteCountry "ENG"]
[BlackCountry "CAN"]
[WhiteElo "1613"]
[WhiteRD "61"]
[BlackElo "1805"]
[BlackRD "72"]
[GameID "398516"]

1. d4 Nf6 2. e3 g6 3. Bd3 Bg7 4. f4 d5 5. Nf3 O-O 6. O-O Nc6 7. c3 Bg4 8. Nbd2 e6 9. Qe1 Ne7 10. Ne5 Bf5
11. Bxf5 Nxf5 12. Ndf3 Nd7 13. Bd2 Nxe5 14. fxe5 Re8 15. e4 dxe4 16. Qxe4 c6 17. Bg5 Qb6 18. b4 Ne7 19. Bxe7 Rxe7 20. Ng5 h6
21. Nh3 Rd8 22. Rf3 Rd5 23. Raf1 Rxe5 24. Qg4 Rf5 25. Qg3 Rxf3 26. Qxf3 e5 27. Re1 Re6 28. Kh1 exd4 29. Rxe6 fxe6 30. g3 dxc3
31. Qe4 c5 32. bxc5 Qb2 33. Qxe6+ Kh7
0-1

[Event "Rayo"]
[Site "SchemingMind.com"]
[Date "2016.05.26"]
[Round "-"]
[White "Trevor Brotherton"]
[Black "John Hamer"]
[Result "1-0"]
[WhiteCountry "ENG"]
[BlackCountry "ENG"]
[WhiteElo "2480"]
[WhiteRD "107"]
[BlackElo "2048"]
[BlackRD "76"]
[GameID "399598"]

1. g3 Nf6 2. Bg2 g6 3. d3 Bg7 4. Nf3 O-O 5. O-O c5 6. e4 Nc6 7. c3 d6 8. Na3 Rb8 9. Nc2 b5 10. Re1 b4
11. d4 bxc3 12. bxc3 cxd4 13. cxd4 Qc7 14. Bg5 h6 15. Bd2 Ba6 16. Rc1 Qb6 17. d5 Na5 18. Nb4 Bb5 19. Be3 Qb7 20. Nd4 Rfc8
21. Rb1 Qd7 22. Nbc6 Bxc6 23. Rxb8 Rxb8 24. dxc6 Qc7 25. e5 dxe5 26. Qa4 exd4 27. Bf4 Qb6 28. Bxb8 Nxc6 29. Qxc6 Qxb8 30. Rxe7
1-0

[Event "Rayo"]
[Site "SchemingMind.com"]
[Date "2016.05.26"]
[Round "-"]
[White "John Hamer"]
[Black "Trevor Brotherton"]
[Result "0-1"]
[WhiteCountry "ENG"]
[BlackCountry "ENG"]
[WhiteElo "2048"]
[WhiteRD "76"]
[BlackElo "2480"]
[BlackRD "107"]
[GameID "399599"]

1. d4 d6 2. c4 g6 3. Nc3 Bg7 4. e4 f5 5. Nf3 Nh6 6. Be2 fxe4 7. Nxe4 Nf5 8. O-O Nc6 9. d5 Ncd4 10. Nxd4 Nxd4
11. Ng5 O-O 12. Bg4 Bxg4 13. Qxg4 Qc8 14. Qh4 h6 15. Ne6 Nxe6 16. dxe6 Kh7 17. Re1 Rf6 18. Qh3 Qf8 19. Be3 Rf5 20. Rab1 Qf6
21. g4= Rf3 22. Qg2 Rf8 23. b4 Qc3 24. Rec1 Qa3 25. Rc2 Qd3 26. Rbc1 Bd4 27. Rd2= Qxd2 28. Bxd2 Rxf2
0-1

[Event "Rayo"]
[Site "SchemingMind.com"]
[Date "2016.06.05"]
[Round "-"]
[White "fu_manchu"]
[Black "Robert Bruce"]
[Result "0-1"]
[WhiteCountry "CAN"]
[BlackCountry "SCO"]
[WhiteElo "1846"]
[WhiteRD "71"]
[BlackElo "2258"]
[BlackRD "65"]
[GameID "399986"]

1. d4 f5 2. c4 Nf6 3. Nc3 e6 4. Nf3 Bb4 5. Bd2 O-O 6. e3 b6 7. Bd3 Qe7 8. a3 Bxc3 9. Bxc3 Ne4 10. Bb4 c5
11. dxc5 bxc5 12. Ba5 Nc6 13. Bc7 Nxf2 14. Kxf2 d6 15. Bxd6 Qxd6 16. Kg1 Rb8 17. Qe2 e5 18. e4 Nd4 19. Qd1 Rxb2 20. Rb1 Nxf3+
21. gxf3 Qd4+ 22. Kf1 Qf2#
0-1

[Event "Rayo"]
[Site "SchemingMind.com"]
[Date "2016.06.05"]
[Round "-"]
[White "Robert Bruce"]
[Black "fu_manchu"]
[Result "1-0"]
[WhiteCountry "SCO"]
[BlackCountry "CAN"]
[WhiteElo "2258"]
[WhiteRD "65"]
[BlackElo "1846"]
[BlackRD "71"]
[GameID "399987"]

1. d4 Nf6 2. Nf3 g6 3. Bg5 Bg7 4. Nbd2 O-O 5. c3 d5 6. e3 c6 7. Bd3 Qc7 8. O-O Na6 9. h3 c5 10. Re1 c4
11. Bc2 Bd7 12. e4 dxe4 13. Bxe4 Nxe4 14. Rxe4 e6 15. Bf4 Qc8 16. Ne5 b5 17. a4 Bxe5 18. dxe5 Nc5 19. Rd4 Nd3 20. Bh6 Re8
21. Qf3 Qd8 22. Ne4 f5 23. Nf6+ Kh8 24. Qxa8 Qxa8 25. Rxd7 Nxe5 26. Rxh7#
1-0

[Event "Rayo"]
[Site "SchemingMind.com"]
[Date "2016.07.19"]
[Round "-"]
[White "Robert Bruce"]
[Black "Trevor Brotherton"]
[Result "0-1"]
[WhiteCountry "SCO"]
[BlackCountry "ENG"]
[WhiteElo "2288"]
[WhiteRD "63"]
[BlackElo "2525"]
[BlackRD "95"]
[GameID "401655"]

1. c4 g6 2. g3 Bg7 3. Bg2 d6 4. Nf3 e5 5. O-O Ne7 6. Nc3 Nbc6 7. Rb1 O-O 8. b4 Nd4 9. Ne1 Ne6 10. d3 f5
11. Bd2 c6 12. b5 d5 13. cxd5 cxd5 14. Qb3 Nd4 15. Qa3 Ne6 16. Nc2 b6 17. e3 f4 18. exf4 exf4 19. Rfe1 f3 20. Bf1 Rf7
21. Qb4 Qd7 22. a4 Bb7 23. a5 bxa5 24. Qxa5 Rc8 25. Rec1 Nf5 26. Na4 h5 27. b6 a6 28. Bh3 Qe8 29. Nc3 Bxc3 30. Bxc3 h4
31. Re1 hxg3 32. hxg3 Rh7 33. Bg4 Qf7 34. Rxe6 Qxe6 35. Nd4 Rh1+ 36. Kxh1 Nxg3+ 37. Kh2 Qxg4 38. fxg3 Qh5+ 39. Kg1 Qh3 40. Rb2 Qxg3+
41. Kf1 Qh3+ 42. Kg1 Rf8 43. Rf2 Rf4 44. Rxf3 Rg4+ 45. Kf2 Qh2+ 46. Ke1 Rg1+ 47. Rf1 Qg3+ 48. Kd2 Rxf1 49. Kc2 Qf2+ 50. Kb3 Rb1+
51. Ka3 Rd1 52. Qb4 Rxd3 53. Kb3 a5 54. Qd6 Qxd4 55. Qb8+ Kh7 56. Qxb7+ Kh6 57. Qc8 Qxb6+
0-1